La particularidad cubana: algunas notas sobre los movimientos sociales en Cuba /
Uloženo v:
| Hlavní autor: | |
|---|---|
| Médium: | Text |
| Tagy: |
Přidat tag
Žádné tagy, Buďte první, kdo vytvoří štítek k tomuto záznamu!
|
MARC
| LEADER | 00000 a a2200000 04500 | ||
|---|---|---|---|
| 001 | 44685 | ||
| 003 | |||
| 040 | |||
| 100 | |a Almeyra, Guillermo | ||
| 245 | |a La particularidad cubana: |b algunas notas sobre los movimientos sociales en Cuba / |c Guillermo Almeyra | ||
| 773 | |g volumen12, número30 ( , 2013), páginas 163-176 | ||
| 999 | |c 26227 |d 26227 | ||
